00319pab a2200121 454500008004000000100002000040245005300060260000900113300000900122362001100131650002100142773003400163180718b1990 xxu||||| |||| 00| 0 eng d aDeshpande, G.P. aModernisation and the political process in China c1990 a27-9 a6 Jan. aChina - Politics aEconomic and Political Weekly